00725nam a22002057a 450000500170000001000150001702000260003203500140005803700130007208200210008510000270010624500420013325000060017526000500018127000710023130000270030294200350032999900190036495201360038320240319171312.0 aENG-139780 a9789354420726c695.00 aEN-123312 bDBAD/PUB a954.84008691821 aBhukya, Bhangya963578 aSubjugated Nomads/cBy Bhangya Bhukya a1 aHyderabadbOrient Blackswan Private Ltdc2022 a3-6-752, Himayatnagar bHyderabade500029minfo@orintblackswan.com axxiii,296p.c22cm(pbk) 2ddccENh954.840086918mBHUe1 c201599d201599 001040708NFICaBNbBNd2024-03-19eDBADg695.00l0o954.840086918 BHUpEN-123312r2024-03-19 00:00:00t1v695.00w2024-03-19yEN